• 首页
  • 本馆介绍
  • 公告通知
  • 最新文献
  • 馆藏检索
  • 电子资源
  • 读者导购
  • 参考咨询
  • 我的图书馆
  • 登录
  • 详细信息显示
  • 放入我的书架
  • 预约/预借图书
  • 作者相关作品
  • 分类相关作品
  • 丛书相关作品
  • 出版社相关作品

书目信息

  • 表格格式
  • 工作单格式
  • 卡片格式
题名:
城市增长与土地增值
    
 
作者: 陈顺清 著
分册:  
出版信息: 北京   科学出版社  2000
页数: 334页
开本: 32开
丛书名: 城市发展与规划丛书
单 册:
中图分类: F293.2
科图分类:
主题词: 城市发展--土地资源--价值--增加--研究
电子资源:
ISBN: 7-03-008267-2
000 00654nam0 2200217 45
001 0303311042
005 20031219104108.2
010    @a7-03-008267-2@dCNY22.00
100    @a20030331d2000 km y0chiy0120 ea
101 0  @achi
105    @a z 000yy
200 1  @a城市增长与土地增值@ACheng Shi Zeng Zhang Yu Tu Di Zeng Zhi@f陈顺清著@FChen Shun Qing Zhu
210    @a北京@c科学出版社@d2000
215    @a334页@d32开
225    @a城市发展与规划丛书
410    @12001 @a城市发展与规划丛书
606 0  @a城市发展@x土地资源@x价值@x增加@x研究
690    @aF293.2@v4
701    @a陈顺清@4著
801    @aCN@bTSTC@c20030331
905    @b321691-693@dF293.2@e120@f3
    
    城市增长与土地增值/陈顺清著.-北京:科学出版社,2000
    334页;32开.-(城市发展与规划丛书)
    
    
    ISBN 7-03-008267-2:CNY22.00
    
●
相关链接 在E读中查询图书 在五车中查询图书 在当当中查询图书 在豆瓣中查询图书


正题名:城市增长与土地增值     索取号:F293.2/120         预约/预借

序号 登录号 条形码 馆藏地/架位号 状态 备注
1 0321691   203216910   第一借阅区/ [索取号:F293.2/120] 在馆    
2 0321692   203216929   第一借阅区/ [索取号:F293.2/120] 在馆    
3 0321693   203216938   第一借阅区/ [索取号:F293.2/120] 在馆    
唐山师范学院图书馆 欢迎您!
大连网信软件有限公司© 版权所有